Quizzes
Events
Quiz Creation
Community
Videos
Private Events
Remove Ads
Sign In
Join for FREE
Feedback
Dark Mode
Quiz Categories
Sports
Geography
Music
Movies
Television
Just For Fun
Miscellaneous
History
Literature
Language
Science
Gaming
Entertainment
Religion
Holiday
For Kids
Quiz Lab
Recent
Popular Today
Quiz Kudos Today
Editor Picks
Curator Picks
Quizzes by...
Day
Popularity
Type
Ratings
Length
Year
Community
Subscriptions
Recent Discussions
Orange Saloon
Badges
Playlists
Quests
Create
Leaderboards
Showdown
Live 5
Trivia Bingo
Activity
Puzzle Library
Sporcle Events
Private Events
Virtual Trivia
Globe League
Become a Host
Pub Owners
SporcleCon
Opinionation
Our Games
Videos
Blog
Mobile Apps
Partnerships
Remove Ads and Go Orange
Feedback
Television
TV Characters
TV Show
Sitcom
Network
Friends
Reality Shows
Cast
South Park
Star Trek
The Simpsons
Doctor Who
Television
TV Characters
TV Show
Sitcom
Network
Friends
Reality Shows
Cast
South Park
Star Trek
The Simpsons
Doctor Who
Random Quiz
Search Sporcle
×
Quiz Lab
Quiz Lab
Television
South Park
Type in answers that appear in a list
Type in answers that appear in a list
Classic
Best Score? Go Orange.
South Park Alter Egos Stats
Can you name the South Park Alter Egos?
By
tfbuckeyes
9m
43 Questions
2,392 Plays
2,392 Plays
2,392 Plays
Comments
Comments
Give Quiz Kudos
Give Quiz Kudos
-
- Ratings
hide this ad
Replay
Link that replays current quiz
Next Quiz
Link to next quiz in quiz playlist
You Got
0%
They Got
Avg Score
38%
Avg Friend Score
Upgrade to see
Score Distribution
Jump to the score distribution portion of the page
Score
0/43
Timer
09:00
0
Plays Today
% Correct
The Coon
92.5%
Professor Chaos
80.6%
Awesom-O
77.7%
Billy
66.2%
Dog the Bounty Hunter
62.8%
Fingerbang
59.3%
Faith +1
57.1%
Niggerguy
55.6%
Mysterion
54.4%
Marjorine
50.8%
Stan Darsh
50.4%
Blanket
50.1%
General Lee
48.3%
General Disarray
44.7%
Timmy and the Lords of the Underworld
44.1%
L Ron Hubbard
43.4%
Mintberry Crunch
43.2%
Boy with Balls on Chin
40.6%
Inspector Butters
40.4%
Getting Gay with Kids
35%
Toolshed
34.9%
Helen Keller
34.7%
% Correct
Eric Cartmanez
33.5%
Mosquito
33.5%
The Time Child
32.6%
Rick
32.6%
Mantequilla
32.2%
Tupperware
31.3%
Human Kite
30.8%
Boy in the Red Poof Ball Hat
30.6%
Iron Maiden
28.3%
Mr. Biggles
25.3%
El Pollo Loco
22.9%
Juggernaut
22.7%
The Rad Russian
22.7%
Courtney Love
21.7%
Congo
21.2%
Raven
20.8%
Triceratops
17%
Little Gay Kid
14.6%
Stan the Man
14.1%
Bad Irene
12.8%
South Park Diggities
12.7%
Quiz Playlist
Details
Report
Send in Message
Add To Playlist
Classic:
Type in answers that appear in a list
Last Updated: Feb 16, 2017
Quiz Scoreboard
CHALLENGE
Sign Up to Join the Scoreboard
Show All
Scores
Hide
Comments
May contain spoilers
Recently Published
9x9 Crossword: Cartoon Network
by jackfrog10
Miscellaneous
3m
College Basketball Coaching Resumes
by pancakes188
Sports
9m
Billboard Blitz: Fleetwood Mac
by CooCooCachoo
Music
15s
More to Explore
Quiz From the Vault
Featured Blog Post
Where Did the Easter Bunny Come From?
hide this ad
You Might Also Like...
Tags
Animation Quiz
South Park Quiz
Alter
Alter Egos
ego
park
south
Today's Top Quizzes in Television
Browse Television
hide this ad
Today's Top Quizzes in South Park
Browse South Park
Top Contributed Quizzes in Television
1
5-to-1: The Simpsons Families
2
5-to-1: Television Doctors
3
7-to-1: TV Show Settings
4
Adjectives in 00s TV Shows
5
Adjectives in 80s TV Shows
6
5-to-1: Streaming Originals
7
Adjectives in 10s TV Shows
8
Survivor Seasons
9
One Piece Logic Puzzle
10
All US Survivor Seasons in Order
Explore More
Trending Topics
Harry Potter
Marvel
Crossword
NBA
Kpop
Anime
Disney
Puzzle
Song
Pokémon
WWE
Country
Soccer
The Office
NFL
hide this ad
More By:
tfbuckeyes
Quiz
Plays
Rating
Category
Featured
Created
South Park Alter Egos
2,392
4.70
Television
Jan 27, 2010
South Park Non-Human Characters
1,841
4.04
Television
Dec 11, 2009
South Park Adults
869
3.91
Television
Jan 27, 2010
NFL A to Z
328
5.00
Sports
Feb 10, 2010
F - Zero X Characters
240
4.50
Gaming
Apr 10, 2010
Go to Creator's Profile
Score Distribution
Quiz Creator Spotlight
tfbuckeyes
Follow
Send a Message
Quizzes Created
-
Created Quiz Play Count
-
More By This Creator
Popular Quizzes Today
1
Find the US States - No Outlines Minefield
2
Find the Countries of Europe - No Outlines Minefield
3
The Countries of the World
4
Find the US States
5
Risky Map Clicking: Biggest States A-Z
6
US States
7
Popular People in 1961
8
Movies - When Are They Set?
More Television Quizzes
Prepositions in TV Shows III
Published
Trending Quizzes
Risky Map Clicking: Least Populous States A-Z
1-10 Letter G Words
Risky Map Clicking: Next State Alphabetically
Adjectives in 80s TV Shows
Risky Map Clicking: Biggest States A-Z
Recently Updated
Leaping Animals
pecheneg
Reality TV Shows (A-Z)
bhenderson79
Rickey Henderson's Hall of Fame Teammates
pecheneg
Champions League XIs: Arsenal
pecheneg
Quick Pick: Celebrities in WWE's Hall of Fame
aduchscher
A-Z Keypad Blitz II
pecheneg
Multiple Oscar Actors
pecheneg
Mystery Phrase Blitz: Oscar 'Best Actors'
pecheneg
F. Scott Fitzgerald Novels
LTH
Pick 3 Villains
ddd62291
Trending Topics
Crossword
Harry Potter
Disney
NBA
Kpop
Marvel
Anime
Song
Puzzle
Pokémon
NFL
WWE
The Office
Soccer
Country
Your Account Isn't Verified!
In order to create a playlist on Sporcle, you need to verify the email address you used during registration. Go to your
Sporcle Settings
to finish the process.
Report this User
Report this user for behavior that violates our
Community Guidelines
.
Details:
Send Report
Go to the Sporcle.com Mobile Site →
Comments